[Event "York ChessMates 12th"]
[Site "York"]
[Date "2025.03.21"]
[Round "2.3"]
[White "Omarsson, Adam"]
[Black "Gorkov, Kirill"]
[Result "0-1"]
[WhiteElo "2073"]
[BlackElo "2086"]
[PlyCount "116"]
[EventDate "2025.03.21"]
[EventType "team-swiss"]
[EventRounds "5"]
[EventCountry "ENG"]
[SourceTitle "CB13_2025"]
[SourceDate "2025.03.26"]
[SourceVersion "1"]
[SourceVersionDate "2025.03.26"]
[SourceQuality "1"]
[WhiteTeam "Iceland"]
[BlackTeam "Estonia"]
[WhiteTeamCountry "ISL"]
[BlackTeamCountry "EST"]

1. d4 Nf6 2. c4 c5 3. d5 e6 4. Nc3 exd5 5. cxd5 d6 6. e4 g6 7. f4 Bg7 8. Bb5+ Nfd7 9. Be2 0-0 10. Nf3 Re8 11. 0-0 Na6 12. Nd2 Nc7 13. Nc4 Nb6 14. Re1 Nxc4 15. Bxc4 a6 16. a4 Rb8 17. a5 b5 18. axb6 Rxb6 19. Qc2 Nb5 20. Qd3 Bd7 21. Ra5 f5 22. Na4 fxe4 23. Qd1 Rb8 24. Rxa6 h5 25. Nxc5 dxc5 26. Rxg6 Bg4 27. Qd2 Qd7 28. h3 Bf5 29. d6+ Kh8 30. Rg5 Bd4+ 31. Kh1 Nxd6 32. Rxh5+ Bh7 33. Be2 Kg8 34. Rg5+ Kf8 35. Rf1 e3 36. Qe1 Ne4 37. Bc4 Nf2+ 38. Kh2 Qd6 39. g3 Qh6 40. h4 Qc6 41. Qe2 Qd7 42. f5 Rb4 43. Be6 Qc7 44. Qh5 Re7 45. f6 Rxe6 46. Rg7 Qxg7 47. fxg7+ Kxg7 48. Bxe3 Bxe3 49. Ra1 Re7 50. Ra2 Ng4+ 51. Kh3 Nf6 52. Qf3 Be4 53. Qf1 Bd5 54. Ra6 Be6+ 55. Rxe6 Rxe6 56. Qf5 Kf7 57. h5 Rg4 58. h6 Rg5 0-1

[Event "Keres Memorial rap 34th"]
[Site "Tallinn"]
[Date "2025.01.19"]
[Round "8"]
[White "Gorkov, Kirill"]
[Black "Volodin, Aleksandr"]
[Result "0-1"]
[WhiteElo "2062"]
[BlackElo "2468"]
[PlyCount "206"]
[EventDate "2025.01.18"]
[EventType "swiss (rapid)"]
[EventRounds "11"]
[EventCountry "EST"]
[SourceTitle "CB05_2025"]
[SourceDate "2025.01.29"]
[SourceVersion "1"]
[SourceVersionDate "2025.01.29"]
[SourceQuality "1"]

1. e4 c5 2. Nc3 Nc6 3. Bb5 Nd4 4. Nf3 a6 5. Bd3 Nc6 6. 0-0 e6 7. Re1 Be7 8. Bf1 d6 9. d4 cxd4 10. Nxd4 Qc7 11. a4 Nf6 12. Be3 0-0 13. f4 Nxd4 14. Qxd4 Ng4 15. Qb6 Bd8 16. Qxc7 Bxc7 17. Bd4 Ba5 18. h3 e5 19. fxe5 Nxe5 20. Red1 Be6 21. Nd5 Bxd5 22. exd5 Rac8 23. c3 f6 24. Kf2 Kf7 25. Re1 Rfe8 26. Rad1 Re7 27. Re3 Ke8 28. Rde1 Kd7 29. g3 Rf7 30. Kg2 g6 31. Be2 Bc7 32. b3 f5 33. Rd1 Rcf8 34. Bxe5 dxe5 35. d6 Bxd6 36. Rxe5 Kc7 37. Re6 Rd8 38. Bf3 Rfd7 39. Re2 Bf8 40. Rxd7+ Rxd7 41. Re8 Bg7 42. c4 Bf6 43. Bd5 Bd4 44. Kf3 a5 45. Re6 Bc5 46. Rf6 Bd4 47. Re6 b6 48. Rc6+ Kd8 49. Re6 Bc5 50. Kf4 Bd6+ 51. Kf3 Kc7 52. Re8 Bc5 53. g4 fxg4+ 54. hxg4 Rg7 55. Kf4 Kd7 56. Re4 Be7 57. Re2 h6 58. Kf3 h5 59. Be6+ Kc7 60. Rd2 Bd6 61. Bd5 h4 62. g5 h3 63. Kg4 h2 64. Rd1 Rh7 65. Rf1 Be5 66. Be4 Kd6 67. Rh1 Rg7 68. Rd1+ Kc7 69. Rd5 Bd6 70. Rd1 Rg8 71. Rf1 Rg7 72. Bd5 Be5 73. Re1 Kd6 74. Bf3 Rf7 75. Rd1+ Kc7 76. Bd5 Rf4+ 77. Kh3 Rf5 78. Kg4 Rf4+ 79. Kh3 Bd6 80. Re1 Rd4 81. Rb1 Be5 82. Re1 Kd6 83. Rb1 Kc5 84. Bf7 Rd3+ 85. Kh4 Rd6 86. Re1 Kb4 87. Rb1 Rd4+ 88. Kh3 Rd3+ 89. Kh4 Rd6 90. Bd5 Rd7 91. Kg4 Rh7 92. Re1 Bd6 93. Rb1 Re7 94. Rf1 Re5 95. Rh1 Re2 96. Kf3 Re5 97. Kg4 Re3 98. Bf7 Rg3+ 99. Kh4 Rg1 100. Bd5 Bf4 101. Kh3 Kc3 102. Bc6 Kxb3 103. Bd5 Kxa4 0-1

[Event "Keres Memorial rap 34th"]
[Site "Tallinn"]
[Date "2025.01.18"]
[Round "2"]
[White "Gorkov, Kirill"]
[Black "Pultinevicius, Paulius"]
[Result "0-1"]
[WhiteElo "2062"]
[BlackElo "2579"]
[PlyCount "176"]
[EventDate "2025.01.18"]
[EventType "swiss (rapid)"]
[EventRounds "11"]
[EventCountry "EST"]
[SourceTitle "CB05_2025"]
[SourceDate "2025.01.29"]
[SourceVersion "1"]
[SourceVersionDate "2025.01.29"]
[SourceQuality "1"]

1. e4 c6 2. Nc3 d5 3. Nf3 Bg4 4. h3 Bxf3 5. Qxf3 e6 6. d4 Nf6 7. a3 dxe4 8. Qe3 Nbd7 9. Nxe4 Nxe4 10. Qxe4 Nf6 11. Qd3 h6 12. Be2 Bd6 13. 0-0 0-0 14. Bf3 Qc7 15. Be3 Rad8 16. Rad1 Rd7 17. b4 Rfd8 18. c3 Nd5 19. c4 Nxe3 20. fxe3 a5 21. c5 Bf8 22. Qc4 axb4 23. axb4 Ra8 24. b5 cxb5 25. Qxb5 Ra3 26. Rfe1 Be7 27. Rb1 Bg5 28. Rb3 Qg3 29. Re2 Rxb3 30. Qxb3 Qc7 31. Qb6 Qc8 32. c6 bxc6 33. Qxc6 Qe8 34. Kf2 Qe7 35. Qc5 Qd8 36. Ra2 Kh7 37. Ra8 Qc7 38. Qxc7 Rxc7 39. Be4+ g6 40. Ra3 Kg7 41. g3 h5 42. Kf3 Rc1 43. h4 Be7 44. Ra7 Bd6 45. Ra2 Rc3 46. Rc2 Ra3 47. Rb2 Kf6 48. Bc2 Rc3 49. Be4 Ke7 50. Rb7+ Bc7 51. Rb2 Ra3 52. Rc2 Bb6 53. Kf2 f5 54. Bf3 Rb3 55. Rd2 e5 56. Bd1 exd4 57. exd4 Rb4 58. Ke3 Kf6 59. Rd3 Bc7 60. Kf3 Rb2 61. Be2 Bxg3 62. Kxg3 Rxe2 63. Ra3 Re6 64. Ra4 Re3+ 65. Kg2 Re4 66. Kg3 Rg4+ 67. Kh3 Ke6 68. Ra6+ Kd5 69. Ra8 Kxd4 70. Re8 Re4 71. Rg8 Re6 72. Kg3 Ke3 73. Rf8 Re4 74. Rg8 f4+ 75. Kh2 Re6 76. Ra8 Kf3 77. Kh3 Re1 78. Ra3+ Re3 79. Ra6 Ke2+ 80. Kh2 Rg3 81. Ra2+ Kf3 82. Ra6 Ke4 83. Ra4+ Kf5 84. Ra6 Re3 85. Ra5+ Re5 86. Ra6 Re6 87. Ra5+ Kg4 88. Ra4 Rf6 0-1

[Event "EU-ch U14"]
[Site "Prague"]
[Date "2024.08.23"]
[Round "2"]
[White "Gorkov, Kirill"]
[Black "Vassis, Michail"]
[Result "1-0"]
[WhiteElo "1995"]
[BlackElo "2186"]
[PlyCount "127"]
[EventDate "2024.08.22"]
[EventType "swiss"]
[EventRounds "9"]
[EventCountry "CZE"]
[SourceTitle "CBM 221 Extra"]
[Source "ChessBase"]
[SourceDate "2024.09.30"]
[SourceVersion "1"]
[SourceVersionDate "2024.09.30"]
[SourceQuality "1"]

1. d4 Nf6 2. Nc3 d5 3. Bf4 e6 4. e3 Bd6 5. Nf3 Qe7 6. Bd3 Bxf4 7. exf4 c5 8. 0-0 cxd4 9. Nb5 Nc6 10. a3 0-0 11. Nbxd4 a5 12. Re1 g6 13. c3 Bd7 14. Qd2 Nxd4 15. Nxd4 a4 16. Re5 Ne8 17. f5 Qf6 18. fxe6 fxe6 19. Rae1 Ng7 20. Bb5 Bxb5 21. Nxb5 Ra6 22. Qe2 Qd8 23. Nd4 Rf6 24. g4 h6 25. Kg2 g5 26. f3 Rb6 27. Rh1 Rg6 28. Rc1 Qd6 29. Re1 Rf6 30. Qc2 Qd7 31. R1e2 Rd6 32. Qd1 Rb6 33. Qe1 Qd6 34. h4 gxh4 35. Qxh4 Rg6 36. f4 Qf8 37. Kf3 Rd6 38. Ke3 Rd7 39. Rf2 Rf7 40. f5 exf5 41. gxf5 Qd6 42. Rxd5 Qxd5 43. fxg6 Qe5+ 44. Kd3 Rxf2 45. Qxf2 Qe8 46. Qf6 Qd7 47. Kc4 Qc7+ 48. Kb4 h5 49. Kxa4 Ne8 50. Qe6+ Kf8 51. Qf5+ Kg8 52. Qd5+ Kh8 53. Qxh5+ Kg8 54. Qh7+ Qxh7 55. gxh7+ Kxh7 56. Kb5 Nd6+ 57. Kc5 Ne4+ 58. Kb6 Kg6 59. Kxb7 Nc5+ 60. Kc6 Na4 61. b4 Nb2 62. b5 Nc4 63. b6 Na5+ 64. Kc7 1-0

[Event "Parnu Keres rapid op 5th"]
[Site "Parnu"]
[Date "2024.07.28"]
[Round "3"]
[White "Schneider, Ilja"]
[Black "Gorkov, Kirill"]
[Result "1-0"]
[WhiteElo "2451"]
[BlackElo "1995"]
[PlyCount "75"]
[EventDate "2024.07.28"]
[EventType "swiss (rapid)"]
[EventRounds "7"]
[EventCountry "EST"]
[SourceTitle "CBM 221 Extra"]
[Source "ChessBase"]
[SourceDate "2024.09.30"]
[SourceVersion "1"]
[SourceVersionDate "2024.09.30"]
[SourceQuality "1"]

1. e4 c5 2. Nc3 Nc6 3. Bb5 g6 4. Bxc6 bxc6 5. f4 Bg7 6. d3 d5 7. Nf3 Bxc3+ 8. bxc3 dxe4 9. dxe4 Qxd1+ 10. Kxd1 Nf6 11. Re1 0-0 12. Ba3 Nd7 13. Ke2 e5 14. fxe5 Re8 15. Kf2 Nxe5 16. Bxc5 Nxf3 17. gxf3 Be6 18. a3 Red8 19. Ke3 a5 20. Rab1 Rab8 21. Rb6 Rdc8 22. Reb1 Rxb6 23. Rxb6 Bc4 24. a4 h5 25. Rb7 Rd8 26. Bd4 c5 27. Bf6 Rc8 28. h4 Be6 29. Ra7 Kh7 30. Rxa5 Rb8 31. Rb5 Ra8 32. a5 c4 33. f4 Ra6 34. Rb8 g5 35. f5 Bxf5 36. Rh8+ Kg6 37. exf5+ Kxf6 38. Rh6+ 1-0